Roblox- Tower Defense Simulator Towers - Statistics

General Stats
  • This quiz has been taken 1,628 times
  • The average score is 24 of 30
Answer Stats
Hint Answer % Correct
The other stater tower in the game. Is a cliff troop and has a very long starting range. Sniper
99%
One of the starter towers in the game. Has a pistol. Scout
98%
In my opinion, the worst troop in the game. Has a paintball gun. Paintballer
94%
A troop that has a minigun. Need I say more? Minigunner
92%
Wields a powerful Pump Shotgun that does massive damage. Shotgunner
92%
Won from beating the map Badlands on Molten, Golden, or Fallen. Cowboy
91%
Obtained by getting to level 30, or spending robux. Crook Boss
90%
A very cheap troop that wields a burst assault rifle. Soldier
90%
Obtained by getting to level 50, or spending robux. Turret
90%
A support tower that boosts the firerate of troops and gets Call to Arms at level 2. Commander
89%
Throws grenades and deals decent splash damage. Demoman
89%
A support tower that boosts firerate, range, and gives a price discount at level 5. DJ
88%
A mainly support tower that freezes enemies briefly with a freeze ray. Freezer
87%
Obtained by getting to level 75, or spending robux. Mortar
86%
A cliff troop that deals massive damage with a railgun. Ranger
86%
A nurse that has a bandage gun that somehow does damage. Heals your base and other stunned troops. Medic
85%
Obtained by getting to level 100, or spending robux Pursuit
83%
A troop previously called John which wields an Infantry Rifle (that´s a guess BTW) Militant
82%
A mainly support tower that slows down enemies with a flamethrower. Pyromancer
82%
A Plane that flies around in a circle with a machine gun (later upgraded into a bomb) Ace Pilot
81%
A troops from hardcore that has a charged laser blaster. Accelerator
80%
Has a rocket launcher with a slow firerate, but deals massive splash damage. Rocketeer
80%
A support tower that has a taser/ tesla tower and shocks enemies Electroshocker
77%
A troop with a bow and arrow obtianed from Chrismas 2020 event. Archer
76%
An event tower that has a big sword. Gladiator
73%
An event tower obtained from beating the map Area 51 that has a guided missile launcher. Commando
68%
A troop that mines the void (Exclusive to developers) Void Miner
56%
A varient of the Turret (I think?) Sentry
52%
A troop with black garments that throws knives Shredder
50%
A varient of the Archer. Holiday Archer
39%
No matching quizzes found
Score Distribution
Percent of People with Each Score
Percentile by Number Answered
Your Score History
You have not taken this quiz